000 005990000a22001810004500
003 MACL
005 20160413120630.0
008 160413b xxu||||| |||| 00| 0 eng d
040 _aMACL
_cMACL
041 _aHindi
082 _a610
100 _aभाटिया सुदर्शन
_917524
245 _aप्राकृतिक चिकित्‍सा दारा स्‍वास्‍थ्‍य
260 _bसुरूचि साहित्‍य
_c2006
_aनई दिल्‍ली
350 _a250
650 _aMedical Science
_952106
942 _cHIN
_k610
_2ddc
999 _c18940
_d18940